000 01397cam a2200289 4500
008 050202n2004 000 0 eng u
020 _a0110693604
035 _a(Sirsi) u128698
041 _aeng
245 4 _aThe Abolition of Feudal Tenure etc. (Scotland) Act 2000 (Consequential Provisions) Order 2004
260 _aLondon
_bHMSO
_c2004
490 _aSSI
_v2004: 535
520 _aModified the Land Registers (Scotland) Act 1868, Title to Land Consolidation (Scotland) Act 1868, Law Reform (Miscellaneous Provisions) (Scotland) Act 1980 in consequence of the Abolition of Feudal Tenure etc (Scotland) Act 2000. See Explanatory note for further details. View at www.scotland-legislation.hmso.gov.uk.
650 _aABOLITION OF FEUDAL TENURE ETC (SCOTLAND) ACT 2000 (CONSEQUENTIAL PROVISIONS) ORDER 2004
650 _aABOLITION OF FEUDAL TENURE ETC (SCOTLAND) ACT 2000
650 _aLAND REGISTERS (SCOTLAND) ACT 1868
650 _aTITLE TO LAND CONSOLIDATION (SCOTLAND) ACT 1868
650 _aLAW REFORM (MISCELLANEOUS PROVISIONS) (SCOTLAND) ACT 1980
650 _aSCOTLAND
650 _aTENURE
650 _aFEUDAL SYSTEM
650 _aTITLE CONDITIONS
650 _aLAND REGISTRATION RULES
690 _aPROPERTY
856 _uhttps://www.scotland-legislation.hmso.gov.uk/legislation/scotland/ssi2004/20040535.htm
_zView this Order on the HMSO website...
942 _n0
999 _c103979
_d103979